00331nam a2200121Ia 450000500170000000800410001708200140005810000180007224500150009026000590010530000120016450000330017620250703023520.0240331s9999 xx 000 0 und d bSIRa2477 aSiriwardena,E 0aSambhawana aKirilapanebAilith Siriwardena Tribute Committeec1995 a113 p., aA book on Eileen Siriwardena